000 00653nam a2200253Ia 4500
003 OSt
005 20220918220832.0
006 a|||||r|||| 00| 0
007 ta
008 220917b |||||||| |||| 00| 0 eng d
024 _a147,173
037 _cTextual
040 _aARTS
_cARTS
_beng
041 _2eng
_aeng
082 _aY31-22, M5
100 _aSingh R A P
_9138362
245 0 _aKin clan and land reforms
260 _aJaipur
_bRawat Publications
_c1985
300 _avi, 266p.
_ccm.
500 _aBibliography p244
650 _aSOCIOLOGY
942 _hY31-22, M5
_cTEXL
_2CC
999 _c269927
_d269927